| 000 | 00508nam a2200181Ia 4500 | ||
|---|---|---|---|
| 999 |
_c29934 _d29934 |
||
| 003 | OSt | ||
| 005 | 20201207143913.0 | ||
| 008 | 190216s9999||||xx |||||||||||||| ||und|| | ||
| 020 | _a9788130005508 | ||
| 040 | _coclc | ||
| 082 |
_a894.8124 _bGOP/K |
||
| 100 |
_aGopakumar, T N _96928 |
||
| 245 | 0 |
_aKalachirakukal _cT N Gopakumar |
|
| 260 |
_b"Poorna Publications, _c2008. _aKozhikode: |
||
| 300 | _a108p | ||
| 650 | _aLekhanam | ||
| 942 |
_cBK _2ddc _h894.8124 _iGOP/K _k894.8124 _mGOP/K |
||